Statistics for Flags of Europe in 1914

Click here to take the quiz!

General Stats

  • This quiz has been taken 147 times
  • The average score is 24 of 25

Answer Stats

Answer% Correct
United Kingdom
100%
Belgium
99%
Denmark
99%
France
99%
Norway
99%
Russia
99%
Spain
99%
Luxembourg
98%
Netherlands
98%
Portugal
98%
Sweden
98%
Switzerland
98%
Italy
97%
Albania
96%
Serbia
96%
San Marino
95%
Germany
94%
Austria-Hungary
93%
Bulgaria
93%
Romania
93%
Monaco
92%
Greece
91%
Liechtenstein
84%
Montenegro
84%
Andorra
62%

Score Distribution

Percentile by Number Answered

Percent of People with Each Score

Your Score History

You have not taken this quiz